00635cam a22002171 450000100060000000300080000600500170001400800410003103500190007203500190009104000260011004100080013608200210014424500580016526000450022330000450026850400390031365000200035265000220037270000230039413704BD-RjUL20211208235511.0750724s1957 njua b 000 0 eng  a(BD-RjUL)13756 a(OCoLC)1474972 aDLCcFMdBD-RjULbeng aeng00a621.48bNUC 195700aNuclear power reactors /cedited by James K. Pickard. aPrinceton, N.J. :bVan Nostrand,cc1957. axii, 388 p. :billus., diagrs. ;c24 cm. aIncludes bibliographies and index. 0aNuclear energy. 0aNuclear reactors.1 aPickard, James K.,